Cuadernos de Londres.

Guardat en:
Dades bibliogràfiques
Autor principal: Bello, Andrés (autor)
Altres autors: Jaksié, Iván (prólogo, edición, notas), Avilés, Tania (prólogo, edición, notas), Carmona Tabja, Miguel (colaboración), Gutiérrez Marfull, Claudio (colaboración), Tapia Wende, Matías (colaboración), Gumbrecht, Hans Ulrich (epílogo)
Format: Llibre
Idioma:espanyol
Publicat: Santiago, Chile: Universitaria; Centro de Investigaciones Diego Barros Arana; Dirección de Bibliotecas, Archivos y Museos (DIBAM), 2017.
Edició:Primera edición.
Matèries:
Etiquetes: Afegir etiqueta
Sense etiquetes, Sigues el primer a etiquetar aquest registre!

MARC

LEADER 00000cam a2200000 a 4500
001 UCC2414
003 CL-VaPUC
005 20220822114413.0
008 180119e20171100cl |||||||||||||||||spa|d
999 |c 370562  |d 370560 
020 |a 978-956-11-2557-5 
040 |c Pontificia Universidad Católica de Valparaíso 
082 0 4 |a 091 BEL 2017   |2 21 
100 0 |a Bello, Andrés  |e autor  |9 596516 
245 1 0 |a Cuadernos de Londres. 
250 |a Primera edición.  
260 |a Santiago, Chile:   |b Universitaria;  |b Centro de Investigaciones Diego Barros Arana;  |b Dirección de Bibliotecas, Archivos y Museos (DIBAM),  |c 2017. 
300 |a 900 páginas.  
500 |a c.2 Donación Familia Prof. Alejandro Guzmán Brito. 
583 |a last modification  |c 20180119 15:30:00  |k Rodrigo Vera 
650 0 |a Manuscritos   |9 313680 
650 0 |a Filología   |9 321245 
700 |a Jaksié, Iván   |e prólogo  |e edición  |e notas   |9 865868 
700 |a Avilés, Tania  |9 590254  |e prólogo  |e edición  |e notas  
700 |a Carmona Tabja, Miguel   |e colaboración   |9 865869 
700 |a Gutiérrez Marfull, Claudio   |e colaboración   |9 865870 
700 |a Tapia Wende, Matías  |e colaboración   |9 865871 
700 |a Gumbrecht, Hans Ulrich  |9 572259  |e epílogo 
942 |c BK  |2 ddc  |n 0 
945 |d 20180119 15:30:00  |a arojas 
952 |0 0  |1 0  |3 erb  |4 0  |6 091_000000000000000_BEL_2017  |7 0  |8 DER_HDC  |9 487094  |a BIBDER  |b BIBDER  |i 5451663  |o 091 BEL 2017  |p 5451663  |r 2023-01-25  |w 2019-11-24  |x Ubicación 4to Piso  |y BK  |z Estos recursos deben solicitarse con anticipación  |k DER 
952 |0 0  |1 0  |2 ddc  |4 0  |6 091_000000000000000_BEL_2017  |7 1  |8 C_AGB  |9 580609  |a BIBDER  |b BIBDER  |d 2022-01-18  |e Donación   |i 5639662  |o 091 BEL 2017  |p 5639662  |r 2023-01-25  |t 2  |w 2022-01-18  |y BK_US  |k AGB